Discrete and combinatorial mathematics : (Record no. 179206)
[ view plain ]
| 000 -LEADER | |
|---|---|
| fixed length control field | 00624 a2200181 4500 |
| 020 ## - INTERNATIONAL STANDARD BOOK NUMBER | |
| International Standard Book Number | 8178086514 |
| 022 ## - INTERNATIONAL STANDARD SERIAL NUMBER | |
| International Standard Serial Number | 9788178086514 |
| 082 ## - DEWEY DECIMAL CLASSIFICATION NUMBER | |
| Classification number | 510 |
| 090 ## - LOCALLY ASSIGNED LC-TYPE CALL NUMBER (OCLC); LOCAL CALL NUMBER (RLIN) | |
| -- | 999 |
| -- | 999 |
| 100 1# - MAIN ENTRY--PERSONAL NAME | |
| Personal name | P.Grmald, Ralph. |
| 245 10 - TITLE STATEMENT | |
| Title | Discrete and combinatorial mathematics : |
| Remainder of title | an applied introduction 4th edition / |
| Statement of responsibility, etc. | Ralph P.Grmald. |
| 250 ## - EDITION STATEMENT | |
| Edition statement | Fourth edi. |
| 260 ## - PUBLICATION, DISTRIBUTION, ETC. | |
| Place of publication, distribution, etc. | [S.l.] : |
| Name of publisher, distributor, etc. | Adison-Wesley Longman, Inc,1999, |
| Date of publication, distribution, etc. | 1999. |
| 300 ## - PHYSICAL DESCRIPTION | |
| Extent | 1 v. (unpaged) |
| 700 ## - ADDED ENTRY--PERSONAL NAME | |
| Personal name | P.Grmald, Ralph. |
| 942 ## - ADDED ENTRY ELEMENTS (KOHA) | |
| Institution code [OBSOLETE] | SNS |
| Koha item type | Book |
| Call number prefix | 510 GRI |
| Withdrawn status | Lost status | Source of classification or shelving scheme | Damaged status | Not for loan | Collection code | Permanent Location | Current Location | Date acquired | Total Checkouts | Full call number | Barcode | Date last seen | Price effective from | Koha item type |
|---|---|---|---|---|---|---|---|---|---|---|---|---|---|---|
| Military College of Signals (MCS) | Military College of Signals (MCS) | 12/12/2016 | 510.21 GRI | MCS31078 | 12/08/2016 | 12/12/2016 | Book |
